01389nam a22003257a 45000010005000000030009000050050017000140070005000310080048000360200015000840400022000990820020001212450173001412600035003143000021003494900015003705050159003856500039005446500038005837000025006217000034006467000024006809420012007049450026007169520126007429520122008689560021009909560037010119990015010480074DO-SdBNP20170914150253.00074150930b sp 2007 xxu||||| |||| 00| 0 spa d a8482592904 aBPMSUbspacBPMSU aR 463.21bD545i aDiccionario Inglés-Español Español-Inglés.ccompilador Ricard Jordana Puigpinós y Paul J. Chamberlain; con la colaboración de Monserrat Dejuán... [et al.] aBarcelona :bAlfa Nauta,c2007 a188 p. ;c28 cm.10aAlfa nauta 8Contiene abreviaturas, tabla de símbolos fonéticos, notas para el uso del diccionario, diccionario inglés-español, diccionario español-inglés. a ESPAÑOLxDICCIONARIOSxINGLÉS aINGLÉSxDICCIONARIOSxESPAÑOL aChamberlain, Paul J. a Jordana Puigpinós, Ricard. aDejuán, Monserrat 2ddccBK aInventariado /2017 VM 00102ddc40708CR-GaBPMETbBPMETd2016-09-02eCompral0oR463.21 D545ipBPMSU16090048r2016-09-02te.2w2016-09-02yBK 00102ddc40708CR-GaBPMETbBPMETd2017-09-14eCompral0oR 463.21 D545ipBPMET17090013r2017-09-14w2017-09-14yBK aBrenda Tavárez aValidado. Control de calidad MFF c8313d8313